Finančné fondy verejnej vysokej školy

Informácia o zmene a doplnení zákona č. 131/2002 Z. z. o vysokých školách a o doplnení niektorých zákonov. Stručná charakteristika tvorby a použitia finančných fondov na verejných vysokých školách.

Uložené v:
Podrobná bibliografia
Hlavný autor: Roháč, Ján
Médium: Kapitola
Jazyk:Slovak
Predmet:
Tagy: Pridať tag
Žiadne tagy, Buďte prvý, kto otaguje tento záznam!

MARC

LEADER 00000naa$a2200000$$$4500
001 0015846
005 20231004123722.0
041 0 |a slo 
044 |a SK 
245 1 0 |a Finančné fondy verejnej vysokej školy  |c aut. Ján Roháč 
520 |a Informácia o zmene a doplnení zákona č. 131/2002 Z. z. o vysokých školách a o doplnení niektorých zákonov. Stručná charakteristika tvorby a použitia finančných fondov na verejných vysokých školách. 
610 2 0 |a financie verejné 
610 2 0 |a hospodárenie finančné 
610 2 0 |a úpravy právne 
610 2 0 |a školy vysoké 
610 2 0 |a fond rezervný 
100 1 |a Roháč, Ján